00329nam a2200145Ia 45000030006000000080041000060400015000471000023000622450025000852500007001102600029001173000006001465460014001520050017001660STCL150530s9999 xx 000 0 und d aSTCLcSTCL aBalakrishnan, C.V. aAayussinte pusthakam a10 bDC Books; Kottayamc2009 a0 aMalayalam20220125171611.0